000 00437nam a2200157Ia 4500
005 20250623024706.0
008 240331s9999 xx 000 0 und d
020 _a9789551468057
082 _bGAT
_a327
100 _aGaltung,J (Perera, K.A.N)
245 0 _aGetum nirakaranaya pilibanda sidde adyanayak
260 _aMaharagama
_bRavaya Publishers
_c2007
300 _a325 p .,
500 _aAn introduction to Conflict Work
942 _cL
999 _c5764
_d5764